000 00788nam a22002297a 4500
005 20170124105948.0
010 _aB-060709
020 _c150.00
_a8176210153
035 _aB-060709
037 _bCen Lib/Ret
040 _aDPL
_bEN
082 _a211
_bMOT
100 _aMother Teresa
_912923
245 _aEverything starts from prayer :
_cby Mother Teresa; selected and arranged by Anthony Stern
_bMother Teresa's meditations on spiritual life for people of all faiths /
260 _aDelhi
_bFull Circle Publishing
_c2001
270 _a18-19, Dilshad Garden, G. T. Road
_bDelhi
_e110095
300 _axx,145p.
_c22cm(pbk)
650 _aPrayer -- Meditations
_912924
650 _aPrayers
_911260
700 _aStern, Anthony
_912925
942 _2ddc
_cEN
_h211
_mMOT
999 _c125076
_d125076